Länder, die an Saud-Arabien grenzen - Statistiken

Allgemein
  • Dieses Quiz wurde 57 mal gespielt
    32 seit der letzten Aktualisierung
  • Das Durchschnittsergebnis liegt bei 7 aus 7
Antwortstatistiken
Antwort % Korrekt
Irak
100%
Jemen
100%
Katar
100%
Oman
97%
Jordanien
93%
Vereinigte Arabische Emirate
90%
Kuwait
86%
Keine übereinstimmenden Quizze gefunden
Verteilung der Resultate
Anzahl Personen mit jedem Resultat
Perzentil nach korrekt beantworteten Fragen
Ihre Resultats-Entwicklung
Sie haben dieses Quiz seit der letzten Aktualisierung nicht gespielt